Мотивация целевых групп при выводе продукта на рынок; Вестник науки Сибири; № 4 (5)

Xehetasun bibliografikoak
Parent link:Вестник науки Сибири: электронный научный журнал/ Томский политехнический университет (ТПУ).— , 2011-.— 2226-0064
№ 4 (5).— 2012.— [С. 209-213]
Egile nagusia: Паушкина И. С. Ирина Сергеевна
Gaia:Заглавие с титульного листа
Сделан вывод о том, что при разработке системы мотивации необходимо проводить сегментацию клиентов и персонала по группам преобладающих потребностей, как это делается с рынками в маркетинге. А также выделены целевые группы, влияющие на процесс вывода нового продукта на рынок, и особенности их мотивации.
Hizkuntza:errusiera
Argitaratua: 2012
Saila:Экономика и менеджмент
Gaiak:
Sarrera elektronikoa:http://earchive.tpu.ru/handle/11683/15927
Formatua: MixedMaterials Baliabide elektronikoa Liburu kapitulua
KOHA link:https://koha.lib.tpu.ru/cgi-bin/koha/opac-detail.pl?biblionumber=495797

MARC

LEADER 00000naa2a2200000 4500
001 495797
005 20231101100900.0
035 |a (RuTPU)RU\TPU\prd\165484 
035 |a RU\TPU\prd\165479 
090 |a 495797 
100 |a 20130121d2012 k y0rusy50 ca 
101 0 |a rus 
102 |a RU 
135 |a drnn ---uucaa 
181 0 |a i  
182 0 |a b 
200 1 |a Мотивация целевых групп при выводе продукта на рынок  |f И. С. Паушкина 
203 |a Текст  |c электронный 
215 |a 1 файл (82.9 Кб) 
225 1 |a Экономика и менеджмент 
230 |a Электронные текстовые данные (1 файл : 82.9 Кб) 
300 |a Заглавие с титульного листа 
320 |a [Библиогр.: с. 213 (4 назв.)] 
330 |a Сделан вывод о том, что при разработке системы мотивации необходимо проводить сегментацию клиентов и персонала по группам преобладающих потребностей, как это делается с рынками в маркетинге. А также выделены целевые группы, влияющие на процесс вывода нового продукта на рынок, и особенности их мотивации. 
337 |a Adobe Reader 
461 1 |0 (RuTPU)RU\TPU\prd\143680  |x 2226-0064  |t Вестник науки Сибири  |o электронный научный журнал  |f Томский политехнический университет (ТПУ)  |d 2011- 
463 1 |0 (RuTPU)RU\TPU\prd\165247  |t № 4 (5)  |v [С. 209-213]  |d 2012 
610 1 |a маркетинг 
610 1 |a целевые группы 
610 1 |a мотивация 
610 1 |a стимулирование 
610 1 |a рынок 
610 1 |a электронный ресурс 
675 |a 331.101.38  |v 3 
700 1 |a Паушкина  |b И. С.  |g Ирина Сергеевна 
801 1 |a RU  |b 63413507  |c 20090623  |g PSBO 
801 2 |a RU  |b 63413507  |c 20180116  |g PSBO 
856 4 |u http://earchive.tpu.ru/handle/11683/15927 
942 |c BK